| 000 | 00581nam a2200217Ia 4500 | ||
|---|---|---|---|
| 008 | 160303s9999 xx 000 0 und d | ||
| 020 | _a971-23-3999-8 | ||
| 050 | _aFIL KPM 278 | ||
| 050 | _b.D45 2004 | ||
| 100 | _aDe Leon, Hector S. | ||
| 245 | 4 | _aThe Fundamentals of taxation / | |
| 245 | _cHector S. De Leon, Hector M. De Leon, Jr. | ||
| 260 | _aManila: | ||
| 260 | _bRex Book Store, Inc., | ||
| 260 | _c2004 | ||
| 300 | _a346 pages : | ||
| 300 | _billustrations ; | ||
| 300 | _c22 cm. | ||
| 650 | _aTaxation -- | ||
| 650 | _xLaw and legislation -- Philippines. | ||
| 999 |
_c291348 _d291348 |
||